00703 2200193 4500245004200000020002200042250001100064100002300075700002400098700002100122650004300143005001900186260003100205041001400236084000800250300002700258500021500285336000900500 aRooftopperscRundell, KatherinehText a978-602-9251-31-9 aCet. 1 aRundell, Katherine aAmbhita Dhyaningrum aFerrial Pondrafi aFiksi Inggris (dalam Bahasa Indonesia) a20231011095932 aSolobTiga Serangkaic2016 aIndonesia a813 aiv, 300 hlm. :c20 cm. aTidak ada yang percaya bahwa Ibu Sophie selamat dari kecelakaan kapal yang terjadi ketika Sophie masih bayi. Kemungkinan selalu ada dan Sophie tidak kehilangan harapan untuk dapat bertemu dengan ibunya kembali. atext